000 00706cam a2200217 a 4500
001 000012615
005 20200929163040.0
008 860214s1985 ag a 000 0aspa d
040 _aDO-SdBNP
_bspa
_cDLC
_dBNPHU
082 _a365.6491
_bV176c
100 1 _aValladares, Armando,
_d1937-
_929340
245 1 0 _aContra toda esperanza /
_cArmando Valladares.
260 _aBuenos Aires, Argentina :
_bKosmos,
_c1985.
300 _a412 p. :
_bil. ;
_c22 cm.
500 _a22 años en el "Gulag de Las américas".
650 4 _aPresos políticos
_zCuba
_xRelatos personales
_929341
651 4 _aCuba
_xPolítica Y Gobierno
_y1959-1990
_95620
910 _aCatalogación derivada
910 _aWM
049 _aBNGR
999 _c12270
_d12270